000
00310nam a22001217a 4500
008
160504b xxu||||| |||| 00| 0 eng d
020
_a
9780534465810
020
_a
0534465811
041
_a
eng
080
_a
612.39
245
_a
Kommunity nutrition in action:
_c
Marie A.Boyle; David H. Holben;
942
_2
udc
_c
BK
999
_c
1781
_d
1781